=LDR 00000nam 2200000 4500 =001 INLIS000000000810451 =005 20251210011749 =035 ##$$a 0010-1225000089 =007 ta =008 251210###########################0###### =020 ##$$a 9775093139 =082 ##$$a 297.263 =084 ##$$a 297.263 JAU h =245 ##$$a Hadi Ar wahi ila bilad Afroh /$c Ibnu Qoyyim Jauziyah =250 ##$$a Cet. 1 =260 ##$:$b Al Maktapal Al Thaqafy =300 ##$$a 304 hlm ; $c 24 cm =520 ##$$a Surga (Jannah) & Kehidupan Akhirat dalam Islam